Statistics for The Full Names of all the Countries

Click here to take the quiz!

General Stats

  • This quiz has been taken 10 times
  • The average score is 39 of 196

Answer Stats

CountryFull Name of Country% Correct
RussiaThe Russian Federation
57%
United StatesUnited States of America
57%
ChinaPeople’s Republic of China
43%
NigerRepublic of Niger
43%
PeruRepublic of Peru
43%
AustraliaThe Commonwealth of Australia
43%
North KoreaThe Democratic People’s Republic of Korea
43%
IndiaThe Republic of India
43%
South KoreaThe Republic of Korea
43%
South AfricaThe Republic of South Africa
43%
United KingdomThe United Kingdom of Great Britain and Northern Ireland
43%
Ivory CoastCôte d’Ivoire
29%
CzechiaCzech Republic
29%
MicronesiaFederated States of Micronesia
29%
JordanHashemite Kingdom of Jordan
29%
AfghanistanIslamic Emirate of Afghanistan
29%
PakistanIslamic Republic of Pakistan
29%
LesothoKingdom of Lesotho
29%
SpainKingdom of Spain
29%
BeninRepublic of Benin
29%
Bosnia and HerzegovinaRepublic of Bosnia and Herzegovina
29%
BulgariaRepublic of Bulgaria
29%
CameroonRepublic of Cameroon
29%
ColombiaRepublic of Colombia
29%
Costa RicaRepublic of Costa Rica
29%
CubaRepublic of Cuba
29%
El SalvadorRepublic of El Salvador
29%
FijiRepublic of Fiji
29%
FinlandRepublic of Finland
29%
GeorgiaRepublic of Georgia
29%
GuineaRepublic of Guinea
29%
HondurasRepublic of Honduras
29%
IcelandRepublic of Iceland
29%
IraqRepublic of Iraq
29%
IrelandRepublic of Ireland
29%
KazakhstanRepublic of Kazakhstan
29%
KiribatiRepublic of Kiribati
29%
KosovoRepublic of Kosovo
29%
LatviaRepublic of Latvia
29%
LebanonRepublic of Lebanon
29%
MaldivesRepublic of Maldives
29%
MozambiqueRepublic of Mozambique
29%
NicaraguaRepublic of Nicaragua
29%
PanamaRepublic of Panama
29%
ParaguayRepublic of Paraguay
29%
RomaniaRepublic of Romania
29%
RwandaRepublic of Rwanda
29%
SenegalRepublic of Senegal
29%
Sierra LeoneRepublic of Sierra Leone
29%
TajikistanRepublic of Tajikistan
29%
The GambiaRepublic of the Gambia
29%
Trinidad and TobagoRepublic of Trinidad and Tobago
29%
TurkmenistanRepublic of Turkmenistan
29%
UgandaRepublic of Uganda
29%
UzbekistanRepublic of Uzbekistan
29%
Sri LankaThe Democratic Socialist Republic of Sri Lanka
29%
IranThe Islamic Republic of Iran
29%
BahrainThe Kingdom of Bahrain
29%
BelgiumThe Kingdom of Belgium
29%
BhutanThe Kingdom of Bhutan
29%
CambodiaThe Kingdom of Cambodia
29%
DenmarkThe Kingdom of Denmark
29%
MoroccoThe Kingdom of Morocco
29%
NorwayThe Kingdom of Norway
29%
Saudi ArabiaThe Kingdom of Saudi Arabia
29%
SwedenThe Kingdom of Sweden
29%
ThailandThe Kingdom of Thailand
29%
AngolaThe Republic of Angola
29%
ArmeniaThe Republic of Armenia
29%
AustriaThe Republic of Austria
29%
BelarusThe Republic of Belarus
29%
BotswanaThe Republic of Botswana
29%
Burkina FasoThe Republic of Burkina Faso
29%
BurundiThe Republic of Burundi
29%
ChadThe Republic of Chad
29%
ChileThe Republic of Chile
29%
TaiwanThe Republic of China
29%
CroatiaThe Republic of Croatia
29%
CyprusThe Republic of Cyprus
29%
DjiboutiThe Republic of Djibouti
29%
EcuadorThe Republic of Ecuador
29%
EstoniaThe Republic of Estonia
29%
GhanaThe Republic of Ghana
29%
GuatemalaThe Republic of Guatemala
29%
Guinea-BissauThe Republic of Guinea-Bissau
29%
HaitiThe Republic of Haiti
29%
IndonesiaThe Republic of Indonesia
29%
KenyaThe Republic of Kenya
29%
LiberiaThe Republic of Liberia
29%
LithuaniaThe Republic of Lithuania
29%
MadagascarThe Republic of Madagascar
29%
MalawiThe Republic of Malawi
29%
MaliThe Republic of Mali
29%
MaltaThe Republic of Malta
29%
MauritiusThe Republic of Mauritius
29%
MoldovaThe Republic of Moldova
29%
NamibiaThe Republic of Namibia
29%
NauruThe Republic of Nauru
29%
PalauThe Republic of Palau
29%
SeychellesThe Republic of Seychelles
29%
SingaporeThe Republic of Singapore
29%
SloveniaThe Republic of Slovenia
29%
South SudanThe Republic of South Sudan
29%
SurinameThe Republic of Suriname
29%
VanuatuThe Republic of Vanuatu
29%
YemenThe Republic of Yemen
29%
ZambiaThe Republic of Zambia
29%
ZimbabweThe Republic of Zimbabwe
29%
ArgentinaArgentine Republic
14%
AzerbaijanAzerbaijani Republic
14%
VenezuelaBolivarian Republic of Venezuela
14%
DominicaCommonwealth of Dominica
14%
BahamasCommonwealth of the Bahamas
14%
GuyanaCo-operative Republic of Guyana
14%
CanadaDominion of Canada
14%
GermanyFederal Republic of Germany
14%
SomaliaFederal Republic of Somalia
14%
FranceFrench Republic
14%
GabonGabonese Republic
14%
LuxembourgGrand Duchy of Luxembourg
14%
EswatiniKingdom of Eswatini
14%
TongaKingdom of Tonga
14%
LaosLao People’s Democratic Republic
14%
San MarinoMost Serene Republic of San Marino
14%
UruguayOriental Republic of Uruguay
14%
BoliviaPlurinational State of Bolivia
14%
AndorraPrincipality of Andorra
14%
Equatorial GuineaRepublic of Equatorial Guinea
14%
Marshall IslandsRepublic of the Marshall Islands
14%
VietnamSocialist Republic of Vietnam
14%
IsraelState of Israel
14%
KuwaitState of Kuwait
14%
QatarState of Qatar
14%
OmanSultanate of Oman
14%
SyriaSyrian Arab Republic
14%
EgyptThe Arab Republic of Egypt
14%
NepalThe Federal Democratic Republic of Nepal
14%
NigeriaThe Federal Republic of Nigeria
14%
GreeceThe Hellenic Republic
14%
SamoaThe Independent State of Samoa
14%
ItalyThe Italian Republic
14%
NetherlandsThe Kingdom of the Netherlands
14%
KyrgyzstanThe Kyrgyz Republic
14%
PortugalThe Portuguese Republic
14%
LiechtensteinThe Principality of Liechtenstein
14%
MonacoThe Principality of Monaco
14%
North MacedoniaThe Republic of North Macedonia
14%
PhilippinesThe Republic of the Philippines
14%
SudanThe Republic of the Sudan
14%
SlovakiaThe Slovak Republic
14%
SwitzerlandThe Swiss Confederation
14%
ComorosThe Union of the Comoros
14%
TogoTogolese Republic
14%
MexicoUnited Mexican States
14%
TanzaniaUnited Republic of Tanzania
14%
Antigua and BarbudaAntigua, Barbuda, and Redonda
0%
New ZealandAotearoa
0%
BelizeBritish Honduras
0%
Solomon IslandsBritish Solomon Islands Protectorate
0%
Republic of the CongoCongo-Brazzaville
0%
Democratic Republic of the CongoCongo-Kinshasa
0%
Timor-Leste/East TimorDemocratic Republic of Timor-Leste
0%
TuvaluEllice Islands
0%
BrazilFederative Republic of Brazil
0%
Saint LuciaHelen of the West
0%
BarbadosIchirouganaim
0%
GrenadaLa Grenade
0%
HungaryLand of Magyars
0%
JapanNippon-koku
0%
AlgeriaPeople’s Democratic Republic of Algeria
0%
BangladeshPeople’s Republic of Bangladesh
0%
SerbiaPeople’s Republic of Serbia
0%
AlbaniaPeople’s Socialist Republic of Albania
0%
PolandPolish People’s Republic
0%
Dominican RepublicSanto Domingo
0%
BruneiState of Brunei Darussalam
0%
Vatican CityState of the Vatican City
0%
São Tomé and PríncipeThe Democratic Republic of São Tomé and Príncipe
0%
United Arab EmiratesThe Emirates
0%
EthiopiaThe Federal Democratic Republic of Ethiopia
0%
MalaysiaThe Federation of Malaya
0%
Saint Kitts and NevisThe Federation of Saint Christopher and Nevis
0%
Papua New GuineaThe Independent State of Papua Nee Guinea
0%
MauritaniaThe Islamic Republic of Mauritania
0%
LibyaThe Libyan Arab Jamahiriya
0%
MongoliaThe Mongolian People’s Republic
0%
MontenegroThe People’s Republic of Montenegro
0%
Cabo Verde/Cape VerdeThe Republic of Cape Verde
0%
MyanmarThe Republic of the Union of Myanmar
0%
EritreaThe State of Eritrea
0%
TunisiaTunisian Republic
0%
TurkeyTurkiye Cumhuriyeti
0%
Central African RepublicUbangi-Shari
0%
UkraineUkrainian Soviet Socialist Republic
0%
JamaicaXaymaca
0%
Saint Vincent and the GrenadinesYouloumain
0%

Score Distribution

Percentile by Number Answered

Percent of People with Each Score

Your Score History

You have not taken this quiz